[Event "Botvinnik mem m 5'"]
[Site "Moscow"]
[Date "2001.12.09"]
[Round "10"]
[White "Kasparov, Garry"]
[Black "Kramnik, Vladimir"]
[Result "1/2-1/2"]
[WhiteElo "2838"]
[BlackElo "2802"]
[PlyCount "104"]
[EventDate "2001.12.09"]
[Source "ChessBase"]
[SourceDate "2002.03.21"]

1. d4 Nf6 2. c4 e6 3. Nf3 b6 4. Nc3 Bb7 5. a3 d5 6. cxd5 exd5 7. g3 Be7 8. Bg2 O-O 9. O-O Na6 10. Qc2 c5 11. Rd1 Nc7 12. dxc5 bxc5 13. Nh4 Rb8 14. Nf5 d4 15. Bxb7 Rxb7 16. Bg5 Ne6 17. Nxe7+ Rxe7 18. Bxf6 gxf6 19. Qf5 Kg7 20. Ne4 Rc7 21. Rd3 c4 22. Rf3 Ng5 23. Rf4 Nxe4 24. Rxe4 Re8 25. Rg4+ Kf8 26. Rd1 Qd7 27. Qf4 Rxe2 28. Rxd4 Qc6 29. Rd1 Rd7 30. Rf1 Qe6 31. Qb8+ Qe8 32. Qb4+ Qe7 33. Qxc4 f5 34. Rf4 Qe6 35. Qc3 Re5 36. Rc4 f6 37. Rc8+ Kg7 38. Rc7 Rxc7 39. Qxc7+ Qf7 40. Rc1 Re1+ 41. Kg2 Rxc1 42. Qxc1 Qb7+ 43. Kg1 Qf3 44. Qe3 Qd1+ 45. Kg2 Kg6 46. b4 a6 47. h4 h5 48. Qb6 Qe2 49. a4 f4 50. a5 Qd2 51. gxf4 Qxf4 52. Qxa6 Qg4+ 1/2-1/2

[Event "Reykjavik ISL"]
[Site "?"]
[Date "2006.03.16"]
[Round "4.2"]
[White "Mamedyarov Shakhriyar"]
[Black "Anand Viswanathan"]
[Result "0-1"]
[WhiteElo "2709"]
[BlackElo "2792"]
[PlyCount "36"]
[EventDate "2006.??.??"]
[Source "www.chesslib.no"]
[SourceDate "2004.05.04"]

1. d4 Nf6 2. c4 e6 3. Nf3 b6 4. Nc3 Bb7 5. Bg5 h6 6. Bh4 Be7 7. e3 Ne4 8. Bxe7 Qxe7 9. Rc1 d6 10. c5 dxc5 11. dxc5 O-O 12. Be2 Rd8 13. Ba6 Nxa6 14. cxb6 axb6 15. O-O c5 16. a3 Qd6 17. Re1 Nc7 18. Nd4 b5 0-1

[Event "Amber 2007 Rapid"]
[Site "Monte Carlo MNC"]
[Date "2007.03.20"]
[Round "4"]
[White "Gelfand, B."]
[Black "Leko, P."]
[Result "1/2-1/2"]
[WhiteElo "2733"]
[BlackElo "2749"]
[PlyCount "143"]
[EventDate "2007.03.17"]
[Source "www.chesslib.no"]
[SourceDate "2004.05.04"]

1. d4 Nf6 2. c4 e6 3. Nf3 b6 4. Nc3 Bb7 5. Bg5 h6 6. Bh4 Be7 7. e3 O-O 8. Bd3 c5 9. O-O cxd4 10. exd4 Nc6 11. Rc1 d5 12. cxd5 Nxd5 13. Bg3 Bd6 14. Nxd5 Bxg3 15. Ne3 Bf4 16. Be4 Na5 17. Bxb7 Nxb7 18. Ne5 Nd6 19. Qf3 Bg5 20. Nc6 Qd7 21. Rfd1 Rfe8 22. Rc2 Rac8 23. Ng4 Qb7 24. g3 h5 25. Nge5 g6 26. d5 exd5 27. Rxd5 Re6 28. Qd3 Ne8 29. Rd7 Rc7 30. Rxc7 Qxc7 31. f4 Be7 32. Nxe7+ Qxe7 33. Kg2 Rd6 34. Qf3 Nf6 35. Re2 Qc7 36. Qc3 Qxc3 37. bxc3 Ng4 38. Nxg4 hxg4 39. h3 gxh3+ 40. Kxh3 Rd5 41. Kg4 Rc5 42. Re3 Ra5 43. Re2 Ra3 44. Rc2 Kg7 45. Kf3 Kf6 46. Ke4 Ke6 47. g4 Ra4+ 48. c4 b5 49. Kd4 bxc4 50. Rxc4 Rxa2 51. Rc6+ Kd7 52. Rf6 Ke7 53. Rc6 Rd2+ 54. Ke5 Re2+ 55. Kd5 Kd8 56. f5 gxf5 57. gxf5 Re7 58. Kd6 Rb7 59. Ke5 Rb6 60. Rc5 a6 61. Kf4 f6 62. Kg4 Kd7 63. Ra5 Rc6 64. Kh5 Kc7 65. Ra1 Kb6 66. Rb1+ Ka5 67. Kg6 Ka4 68. Ra1+ Kb3 69. Kg7 Kb2 70. Ra5 Kc3 71. Ra1 Kd4 72. Kg6 1/2-1/2

[Event "II Open Rapid"]
[Site "Canada de Calatrava SPA"]
[Date "2007.04.07"]
[Round "6"]
[White "Mamedyarov, S."]
[Black "Polgar, Ju"]
[Result "1/2-1/2"]
[WhiteElo "2754"]
[BlackElo "2727"]
[PlyCount "88"]
[EventDate "2007.04.06"]
[Source "www.chesslib.no"]
[SourceDate "2004.05.04"]

1. d4 Nf6 2. c4 e6 3. Nf3 b6 4. Nc3 Bb7 5. Bg5 h6 6. Bh4 g5 7. Bg3 Bg7 8. e3 d6 9. Qc2 Nbd7 10. Nd2 Nh5 11. O-O-O Qe7 12. f3 Nxg3 13. hxg3 c5 14. Nde4 cxd4 15. exd4 f5 16. Nf2 O-O 17. g4 Rac8 18. Kb1 a6 19. d5 exd5 20. Nxd5 Bxd5 21. Rxd5 Rc5 22. Bd3 Rxd5 23. cxd5 Nc5 24. Bxf5 Qe5 25. Ne4 Re8 26. Re1 Kf8 27. Re2 Qd4 28. Rd2 Qe5 29. a3 a5 30. g3 Kg8 31. Re2 Re7 32. Nxc5 Qxe2 33. Be6+ Rxe6 34. Nxe6 Qxf3 35. Qc6 Qd1+ 36. Ka2 a4 37. Qc8+ Kh7 38. Qc4 Kg8 39. Qc8+ Kh7 40. Qc4 Kg8 41. Nxg7 Kxg7 42. Qc7+ Kg8 43. Qd8+ Kg7 44. Qe7+ Kg8 1/2-1/2

[Event "Monte Carlo MNC"]
[Site "?"]
[Date "2006.03.26"]
[Round "8"]
[White "Gelfand Boris"]
[Black "Leko Peter"]
[Result "1/2-1/2"]
[WhiteElo "2723"]
[BlackElo "2740"]
[PlyCount "63"]
[EventDate "2006.??.??"]
[Source "www.chesslib.no"]
[SourceDate "2004.05.04"]

1. d4 Nf6 2. c4 e6 3. Nf3 b6 4. Nc3 Bb7 5. a3 d5 6. Bg5 Be7 7. Bxf6 Bxf6 8. cxd5 exd5 9. g3 O-O 10. Bg2 Qe7 11. Qb3 Rd8 12. Rd1 Na6 13. O-O c5 14. e3 Rab8 15. Rfe1 Nc7 16. Rd2 Re8 17. h4 g6 18. Qa2 a5 19. Red1 c4 20. a4 Na6 21. Qa3 Nb4 22. b3 Ba6 23. bxc4 Bxc4 24. Ne5 Bxe5 25. dxe5 Qxe5 26. Nxd5 Nxd5 27. Bxd5 Rbc8 28. e4 Rc5 29. Qb2 Qxb2 30. Rxb2 Bxd5 31. exd5 Rc4 32. Rxb6 1/2-1/2

[Event "Mind Sports Games - Rapid Team"]
[Site "Pechino CINA"]
[Date "2008.10.16"]
[Round "7"]
[White "Wang Yue"]
[Black "Sasikiran, K."]
[Result "1/2-1/2"]
[WhiteElo "2736"]
[BlackElo "2694"]
[PlyCount "108"]
[EventDate "2008.10.14"]
[Source "www.chesslib.no"]
[SourceDate "2004.05.04"]

1. d4 Nf6 2. c4 e6 3. Nf3 b6 4. Nc3 Bb7 5. Bg5 h6 6. Bh4 Be7 7. e3 Ne4 8. Nxe4 Bxe4 9. Bg3 d6 10. Bd3 Bb7 11. e4 Nd7 12. d5 Bf6 13. Qe2 O-O 14. O-O Re8 15. Qc2 Nc5 16. Rad1 Nxd3 17. Rxd3 exd5 18. exd5 Qd7 19. Rdd1 Re7 20. Rfe1 Rae8 21. b3 Bc8 22. h3 Qf5 23. Rxe7 Rxe7 24. Qxf5 Bxf5 25. Nd4 Bxd4 26. Rxd4 Re1+ 27. Kh2 a6 28. Rd2 Kf8 29. f3 Rc1 30. Bf2 Ke7 31. Kg3 Rc2 32. Rxc2 Bxc2 33. b4 Bb1 34. a3 Ba2 35. c5 dxc5 36. bxc5 b5 37. Kf4 Bxd5 38. Ke5 c6 39. h4 f6+ 40. Kd4 a5 41. Be1 a4 42. Bd2 Ke6 43. Bc1 h5 44. Ke3 Kf5 45. Bd2 Bc4 46. g3 Ke5 47. f4+ Kd5 48. Bb4 Ba2 49. Kf2 Ke4 50. Bd2 Be6 51. Bb4 Kd4 52. Kg1 Ke3 53. Kh2 Kf2 54. Bc3 Kf3 1/2-1/2

[Event "Deutschland"]
[Site "?"]
[Date "2003.??.??"]
[Round "?"]
[White "Sakaev, K."]
[Black "Anand, V."]
[Result "1/2-1/2"]
[WhiteElo "2657"]
[BlackElo "2766"]
[PlyCount "31"]
[EventDate "2003.??.??"]
[Source "Chess Informant"]
[SourceDate "2003.10.01"]

1. d4 Nf6 2. c4 e6 3. Nf3 b6 4. Nc3 Bb7 5. a3 d5 6. cxd5 Nxd5 7. Qc2 Nxc3 8. bxc3 Be7 9. e4 O-O 10. Bd3 c5 11. O-O Qc7 12. Qe2 Nd7 13. e5 Bd5 14. Ng5 Bxg5 15. Bxg5 h6 16. Bxh6 1/2-1/2

[Event "UK-CHN Match"]
[Site "Liverpool ENG"]
[Date "2007.09.04"]
[Round "1"]
[White "Wang Yue"]
[Black "Adams, Mi"]
[Result "1/2-1/2"]
[WhiteElo "2696"]
[BlackElo "2724"]
[PlyCount "60"]
[EventDate "2007.09.04"]
[Source "www.chesslib.no"]
[SourceDate "2004.05.04"]

1. d4 Nf6 2. c4 e6 3. Nf3 b6 4. Nc3 Bb7 5. a3 d5 6. cxd5 exd5 7. Bg5 Be7 8. Qa4+ Nbd7 9. e3 a6 10. Bxf6 Bxf6 11. Bd3 c5 12. dxc5 bxc5 13. Bf5 g6 14. Bh3 Qc7 15. Rd1 Bxc3+ 16. bxc3 f5 17. O-O O-O 18. g3 Bc6 19. Qb3 Nb6 20. Rb1 Rab8 21. Bg2 Bb5 22. Rfe1 Bd3 23. Ra1 Nc4 24. Qd1 Nb2 25. Qd2 Be4 26. Ra2 Nc4 27. Qe2 Qc6 28. Nd2 Ne5 29. Nf3 Nc4 30. Nd2 Ne5 1/2-1/2

[Event "Amber-blind 6th"]
[Site "Monte Carlo"]
[Date "1997.??.??"]
[Round "11"]
[White "Piket, Jeroen"]
[Black "Anand, Viswanathan"]
[Result "1/2-1/2"]
[WhiteElo "2640"]
[BlackElo "2765"]
[PlyCount "44"]
[EventDate "1997.04.18"]
[Source "ChessBase"]

1. d4 Nf6 2. c4 e6 3. Nf3 b6 4. Nc3 Bb7 5. a3 d5 6. Qc2 dxc4 7. e4 c5 8. d5 exd5 9. exd5 a6 10. Bg5 b5 11. O-O-O Bd6 12. Ne4 Be7 13. Bxc4 bxc4 14. Rhe1 O-O 15. d6 Bxe4 16. Rxe4 Bxd6 17. Ne5 Nbd7 18. Rxd6 Nxe4 19. Bxd8 Nxd6 20. Nxd7 Rfxd8 21. Nb6 Rab8 22. Nxc4 Nxc4 1/2-1/2

[Event "Elista (m/4) 73/576"]
[Site "?"]
[Date "1998.??.??"]
[Round "?"]
[White "Khalifman, Alexander"]
[Black "Ivanchuk, Vassily"]
[Result "1/2-1/2"]
[WhiteElo "2660"]
[BlackElo "2740"]
[PlyCount "45"]
[EventDate "1998.??.??"]
[Source "ChessBase"]
[SourceDate "1998.06.01"]

1. d4 Nf6 2. c4 e6 3. Nf3 b6 4. Nc3 Bb7 5. a3 d5 6. cxd5 Nxd5 7. Qc2 Nxc3 8. bxc3 Be7 9. e4 O-O 10. Bd3 c5 11. O-O Qc8 12. Qa2 Nd7 13. Qe2 a5 14. e5 Rd8 15. Rb1 cxd4 16. cxd4 Ba6 17. h4 h6 18. a4 Bb4 19. Be3 Bxd3 20. Qxd3 Qb7 21. Qb5 Nf8 22. Rfc1 Ng6 23. Rc6 1/2-1/2

[Event "Tch (Men) 2005/2006 NED"]
[Site "?"]
[Date "2005.10.15"]
[Round "2"]
[White "Sokolov Ivan"]
[Black "Tiviakov Sergei"]
[Result "1/2-1/2"]
[WhiteElo "2696"]
[BlackElo "2700"]
[PlyCount "125"]
[EventDate "2005.??.??"]
[Source "www.chesslib.no"]
[SourceDate "2004.05.04"]

1. d4 Nf6 2. c4 e6 3. Nf3 b6 4. Nc3 Bb7 5. a3 d5 6. cxd5 Nxd5 7. Qc2 Nxc3 8. bxc3 c5 9. e4 Nd7 10. Bd3 Qc7 11. Qb1 Be7 12. O-O O-O 13. e5 h6 14. a4 Rfd8 15. Be3 Bd5 16. Nd2 cxd4 17. cxd4 Qb7 18. f3 Rac8 19. Qd1 Rc3 20. Ne4 Rb3 21. Qe2 Nb8 22. Rfc1 Nc6 23. Nc3 Ba3 24. Rc2 Nb4 25. Nxd5 Rxd5 26. Be4 Nxc2 27. Bxc2 Rxe3 28. Qxe3 Bb2 29. Rd1 Qd7 30. Kf1 Bxd4 31. Qe4 Bxe5 32. Rxd5 Qxd5 33. Qxd5 exd5 34. g3 g5 35. Ke2 Kg7 36. Bb3 d4 37. Kd3 f5 38. Be6 Kf6 39. Bc8 h5 40. h3 h4 41. gxh4 gxh4 42. f4 Bxf4 43. Kxd4 Kg5 44. Kd5 Bd2 45. Ba6 Kf6 46. Bd3 Be3 47. Kd6 Bf2 48. Kd5 f4 49. Be2 Ke7 50. Bg4 Kd8 51. Kc6 Be3 52. Kb7 Ke7 53. Kc6 a6 54. Kd5 b5 55. axb5 axb5 56. Be2 b4 57. Bd1 Bd2 58. Ke4 Kd6 59. Bb3 Kc5 60. Bg8 Kb5 61. Bb3 Bc1 62. Kf3 Kc5 63. Ke4 1/2-1/2

[Event "35th T-ch GR"]
[Site "Ermioni"]
[Date "2006.07.08"]
[Round "5.2"]
[White "Azmaiparashvili, Zurab"]
[Black "Navara, David"]
[Result "1/2-1/2"]
[WhiteElo "2669"]
[BlackElo "2719"]
[PlyCount "102"]
[EventDate "2006.07.??"]
[Source "www.chesslib.no"]
[SourceDate "2004.05.04"]

1. d4 Nf6 2. c4 e6 3. Nf3 b6 4. Nc3 Bb7 5. Bg5 h6 6. Bh4 Be7 7. e3 O-O 8. Bd3 c5 9. O-O cxd4 10. Nxd4 Nc6 11. Bc2 Rc8 12. Nxc6 Bxc6 13. Qd3 g6 14. Rad1 Nh5 15. Bxe7 Qxe7 16. e4 f5 17. Qd2 f4 18. Rfe1 e5 19. Qd6 Qxd6 20. Rxd6 Nf6 21. b4 Kf7 22. Bb3 Ke7 23. Red1 g5 24. f3 h5 25. Kf2 g4 26. a4 h4 27. h3 gxh3 28. gxh3 Bb7 29. Nb5 Bxe4 30. fxe4 Nxe4+ 31. Kf3 Nxd6 32. Nxd6 Rc6 33. Ne4 Rg6 34. Rd5 Rg3+ 35. Nxg3 fxg3+ 36. Kg2 Rf2+ 37. Kg1 Rb2 38. Bd1 Kf6 39. b5 e4 40. Rxd7 e3 41. Rd4 Ke5 42. Rd8 Ke4 43. a5 Rb1 44. Kg2 Rb2+ 45. Kf1 bxa5 46. c5 Rxb5 47. c6 Rc5 48. Kg2 Ke5 49. Rh8 Rxc6 50. Rxh4 e2 51. Bxe2 Rc2 1/2-1/2

[Event "Beer Sheva ISR, World Team Ch"]
[Site "?"]
[Date "2005.11.02"]
[Round "2"]
[White "Azmaiparashvili Zurab"]
[Black "Aronian Levon"]
[Result "1/2-1/2"]
[WhiteElo "2658"]
[BlackElo "2724"]
[PlyCount "41"]
[EventDate "2005.??.??"]
[Source "www.chesslib.no"]
[SourceDate "2004.05.04"]

1. d4 Nf6 2. c4 e6 3. Nf3 b6 4. Nc3 Bb7 5. Bg5 h6 6. Bh4 Be7 7. e3 c5 8. Bd3 cxd4 9. Nxd4 a6 10. O-O Nc6 11. Nxc6 Bxc6 12. Rc1 Qb8 13. Qe2 Qe5 14. Bg3 Qh5 15. Qxh5 Nxh5 16. Bc7 Bd8 17. Bxd8 Kxd8 18. b4 Nf6 19. e4 d6 20. Rfe1 Nd7 21. Rc2 1/2-1/2

[Event "La Manga (m/2)"]
[Site "?"]
[Date "1990.??.??"]
[Round "?"]
[White "Kasparov, Garry"]
[Black "Psakhis, L."]
[Result "1/2-1/2"]
[WhiteElo "2800"]
[BlackElo "2575"]
[PlyCount "85"]
[EventDate "1990.??.??"]
[Source "ChessBase"]
[SourceDate "1990.07.01"]

1. d4 Nf6 2. c4 e6 3. Nf3 b6 4. Nc3 Bb4 5. Bg5 Bb7 6. Nd2 Bxc3 7. bxc3 h6 8. Bh4 g5 9. Bg3 d6 10. e3 Qe7 11. h4 Rg8 12. hxg5 hxg5 13. Be2 Nc6 14. Qc2 O-O-O 15. O-O-O Rh8 16. e4 Kb8 17. Nb3 Nd7 18. Bd3 Qf6 19. Rxh8 Qxh8 20. c5 dxc5 21. Bb5 Qf8 22. d5 Nce5 23. d6 f6 24. dxc7+ Kxc7 25. Qe2 Qe7 26. Nd2 Nf8 27. Nc4 Rxd1+ 28. Qxd1 Nfg6 29. Qh5 Bxe4 30. Qe2 Bd5 31. Nxe5 Nxe5 32. Bxe5+ fxe5 33. Qxe5+ Kb7 34. f3 a6 35. Bd3 b5 36. Kb2 c4 37. Bc2 b4 38. Be4 bxc3+ 39. Kc2 Qd7 40. Kxc3 Qb5 41. Qxe6 Qa5+ 42. Kd4 Qd2+ 43. Kc5 1/2-1/2

[Event "Ajaccio FRA, 2. Open"]
[Site "?"]
[Date "2005.10.27"]
[Round "9"]
[White "Bacrot Etienne"]
[Black "Naiditsch Arkadij"]
[Result "1-0"]
[WhiteElo "2725"]
[BlackElo "2641"]
[PlyCount "101"]
[EventDate "2005.??.??"]
[Source "www.chesslib.no"]
[SourceDate "2004.05.04"]

1. d4 Nf6 2. c4 e6 3. Nf3 b6 4. Nc3 Bb7 5. Bg5 Be7 6. e3 h6 7. Bh4 O-O 8. Bd3 d5 9. O-O Nbd7 10. Qe2 c5 11. Rfd1 cxd4 12. Nxd4 Ne5 13. Bxf6 Bxf6 14. cxd5 Nxd3 15. Qxd3 Bxd5 16. Qe2 Rc8 17. Ndb5 Rc5 18. Ne4 Rc4 19. Nbc3 Be5 20. f4 Bxc3 21. Nxc3 Qc7 22. Nxd5 exd5 23. Rxd5 Rc2 24. Rd2 Rxd2 25. Qxd2 Rd8 26. Qe2 Qc5 27. a3 b5 28. h3 a5 29. Kh2 b4 30. axb4 axb4 31. e4 Qd4 32. Rf1 Re8 33. e5 b3 34. Rf3 Rc8 35. Qe3 Qxb2 36. Qxb3 Qe2 37. Qe3 Qxe3 38. Rxe3 h5 39. Kg3 g6 40. f5 Kg7 41. e6 fxe6 42. fxe6 g5 43. e7 Re8 44. h4 Kf6 45. hxg5+ Kxg5 46. Re5+ Kf6 47. Kf4 h4 48. Re3 Kg6 49. Kg4 Kf7 50. Kh3 Kf6 51. Kxh4 1-0

[Event "Bugojno"]
[Site "Bugojno"]
[Date "1980.??.??"]
[Round "6"]
[White "Karpov, Anatoly"]
[Black "Polugaevsky, Lev"]
[Result "1/2-1/2"]
[WhiteElo "2725"]
[BlackElo "2635"]
[PlyCount "83"]
[EventDate "1980.05.??"]
[Source "ChessBase"]

1. d4 Nf6 2. c4 e6 3. Nf3 b6 4. Nc3 Bb7 5. Bg5 Be7 6. e3 h6 7. Bh4 O-O 8. Be2 c5 9. O-O d6 10. dxc5 bxc5 11. Qc2 Nbd7 12. Rfd1 Qb6 13. Rd2 Rfd8 14. Rad1 Bc6 15. Bg3 d5 16. cxd5 Nxd5 17. Nxd5 Bxd5 18. e4 Bc6 19. Bd6 Bxd6 20. Rxd6 Nf6 21. Rxd8+ Rxd8 22. Rxd8+ Qxd8 23. Qxc5 Qb6 24. Qxb6 axb6 25. e5 Nd7 26. Kf1 Kf8 27. Ke1 g5 28. h3 Ke7 29. Kd2 Bxf3 30. Bxf3 Nxe5 31. Be2 Kd6 32. Kc3 Ng6 33. g3 Ne7 34. Bf3 f5 35. a4 e5 36. Ba8 h5 37. b4 h4 38. gxh4 gxh4 39. Bb7 Ng6 40. Bc8 Ne7 41. Ba6 Nd5+ 42. Kb3 1/2-1/2

[Event "Corr"]
[Site "?"]
[Date "2002.01.15"]
[Round "?"]
[White "Tarnowiecki Harald"]
[Black "Anton Volker-Michael (GER"]
[Result "1/2-1/2"]
[WhiteElo "2692"]
[BlackElo "2664"]
[PlyCount "37"]
[EventDate "2002.??.??"]
[Source "www.chesslib.no"]
[SourceDate "2004.05.04"]

1. d4 Nf6 2. c4 e6 3. Nf3 b6 4. Nc3 Bb7 5. a3 d5 6. cxd5 Nxd5 7. Qc2 Nxc3 8. bxc3 Be7 9. e4 O-O 10. Bd3 c5 11. O-O Qc8 12. Qa2 Rd8 13. Rd1 Ba6 14. Bf4 Bxd3 15. Rxd3 Nd7 16. a4 Nf6 17. Qe2 cxd4 18. cxd4 Qa6 19. h3 1/2-1/2

[Event "Biel"]
[Site "?"]
[Date "1997.??.??"]
[Round "?"]
[White "Gelfand, B."]
[Black "Lautier, J."]
[Result "1/2-1/2"]
[WhiteElo "2695"]
[BlackElo "2660"]
[PlyCount "41"]
[EventDate "1997.??.??"]
[Source "ChessBase"]
[SourceDate "1997.06.01"]

1. d4 Nf6 2. c4 e6 3. Nf3 b6 4. Nc3 Bb7 5. a3 d5 6. Bg5 Be7 7. Qa4+ Qd7 8. Qc2 dxc4 9. e3 Bxf3 10. gxf3 b5 11. Bxf6 Bxf6 12. a4 c6 13. axb5 cxb5 14. Qe4 O-O 15. f4 Nc6 16. Nxb5 e5 17. fxe5 Nxe5 18. Nc3 Nc6 19. Qd5 Qe8 20. Bg2 Nxd4 21. Qxa8 1/2-1/2

[Event "Eurotel Trophy"]
[Site "Prague"]
[Date "2002.04.28"]
[Round "1.3"]
[White "Sokolov, Ivan"]
[Black "Leko, Peter"]
[Result "1-0"]
[WhiteElo "2647"]
[BlackElo "2707"]
[PlyCount "100"]
[EventDate "2002.04.28"]
[Source "ChessBase"]
[SourceDate "2002.08.12"]

1. d4 Nf6 2. c4 e6 3. Nf3 b6 4. Nc3 Bb7 5. Bg5 Be7 6. Qc2 c5 7. dxc5 bxc5 8. e3 h6 9. Bh4 d6 10. Be2 O-O 11. O-O Nbd7 12. Rad1 Qb6 13. Rd2 Rfd8 14. Rfd1 Nf8 15. h3 Rd7 16. Nh2 Rad8 17. Bf3 a6 18. Bxb7 Qxb7 19. Nf3 Ng6 20. Bg3 Qc6 21. b3 Nh5 22. Bh2 Nf6 23. Rd3 d5 24. cxd5 Nxd5 25. Nxd5 exd5 26. Ne5 Nxe5 27. Bxe5 Bf8 28. Bb2 Qe6 29. Bc3 c4 30. R3d2 Rc8 31. b4 Rcd8 32. a3 Be7 33. Qb2 f6 34. a4 Rb8 35. b5 axb5 36. axb5 Bc5 37. Qb1 Kf7 38. e4 Rbd8 39. exd5 Rxd5 40. Rxd5 Rxd5 41. Rxd5 Qxd5 42. b6 Qb7 43. Ba5 Ke7 44. Qb5 Kd6 45. Qxc4 Bxb6 46. Qb4+ Kc6 47. Qe4+ Kc7 48. Qe7+ Kc6 49. Qe6+ Kb5 50. Bxb6 Qxb6 1-0

[Event "Eurotel Trophy"]
[Site "Prague"]
[Date "2002.04.28"]
[Round "1.1"]
[White "Sokolov, Ivan"]
[Black "Leko, Peter"]
[Result "1/2-1/2"]
[WhiteElo "2647"]
[BlackElo "2707"]
[PlyCount "84"]
[EventDate "2002.04.28"]
[Source "ChessBase"]
[SourceDate "2002.08.12"]

1. d4 Nf6 2. c4 e6 3. Nf3 b6 4. Nc3 Bb7 5. a3 d5 6. Bg5 Be7 7. Qa4+ Qd7 8. Qc2 dxc4 9. e3 Bxf3 10. gxf3 b5 11. Rg1 c6 12. a4 a6 13. f4 g6 14. axb5 cxb5 15. Bg2 Ra7 16. d5 exd5 17. O-O-O Qf5 18. Qxf5 gxf5 19. Bxf6 Bxf6 20. Nxd5 Bh4 21. Bh3 Nc6 22. Bxf5 Ne7 23. Nxe7 Kxe7 24. Rg2 c3 25. b3 a5 26. Kc2 a4 27. b4 a3 28. e4 a2 29. Ra1 Rd8 30. Kxc3 Ra3+ 31. Kb2 Ra4 32. Kc3 Rd6 33. e5 Rc6+ 34. Kb3 Rc4 35. Rxa2 Rcxb4+ 36. Kc3 Rc4+ 37. Kb3 Rxf4 38. Bxh7 Rfb4+ 39. Kc3 Rc4+ 40. Kb3 Rcb4+ 41. Kc3 Rc4+ 42. Kb3 Rcb4+ 1/2-1/2

[Event "Wijk aan Zee (Netherlands)"]
[Site "?"]
[Date "2004.01.22"]
[Round "10"]
[White "Van Wely Loek"]
[Black "Bologan Viktor"]
[Result "0-1"]
[WhiteElo "2681"]
[BlackElo "2669"]
[PlyCount "45"]
[EventDate "2004.??.??"]
[Source "www.chesslib.no"]
[SourceDate "2004.05.04"]

1. d4 Nf6 2. c4 e6 3. Nf3 b6 4. Nc3 Bb7 5. Bg5 Bb4 6. Qb3 c5 7. a3 Bxc3+ 8. Qxc3 h6 9. Bh4 g5 10. Bg3 Ne4 11. Qd3 Nxg3 12. hxg3 Qf6 13. dxc5 Qd4 14. Qxd4 Nc6 15. Ne5 Rc8 16. e4 h5 17. Kd2 Ke7 18. f4 gxf4 19. gxf4 d6 20. Rh4 dxe5 21. fxe5 Rc7 22. g4 Rg8 23. Qd6+ 0-1

[Event "World Cup"]
[Site "Khanty-Mansiysk RUS"]
[Date "2007.11.28"]
[Round "2.2"]
[White "Wang Yue"]
[Black "Tiviakov, S."]
[Result "1/2-1/2"]
[WhiteElo "2703"]
[BlackElo "2643"]
[PlyCount "298"]
[EventDate "2007.11.24"]
[Source "www.chesslib.no"]
[SourceDate "2004.05.04"]

1. d4 Nf6 2. c4 e6 3. Nf3 b6 4. Nc3 Bb7 5. Bg5 Be7 6. e3 c5 7. Be2 O-O 8. O-O h6 9. Bh4 Ne4 10. Nxe4 Bxe4 11. Bg3 d6 12. Qb3 Nd7 13. Nd2 Bb7 14. d5 exd5 15. cxd5 Re8 16. Rfd1 a6 17. a4 Rb8 18. h3 Qc7 19. Nc4 Bc8 20. Qc2 Nf6 21. Na3 Qd7 22. e4 Bf8 23. Bf3 b5 24. Re1 Qc7 25. Re3 Nd7 26. Be2 c4 27. axb5 axb5 28. b3 Qa5 29. Qb1 cxb3 30. Rxb3 Nc5 31. Rxb5 Rxb5 32. Nxb5 Qd8 33. Bf3 Ba6 34. Nc3 g6 35. Na4 Bd3 36. Qd1 Bxe4 37. Nxc5 Bxf3 38. Qxf3 dxc5 39. d6 Qd7 40. Qd5 Rd8 41. Ra8 c4 42. Rxd8 Qxd8 43. Qc6 c3 44. Qc7 Qf6 45. d7 Be7 46. Be5 Bd8 47. Qxc3 Qb6 48. Bd4 Qb1+ 49. Kh2 Qf5 50. Qc8 Kh7 51. g3 Qa5 52. Qc6 Qf5 53. Qd6 Qe4 54. Bb6 Qf5 55. Be3 Kg7 56. Bd4+ f6 57. Bc5 Kh7 58. Be3 g5 59. Qc6 h5 60. Qc8 Qa5 61. Qc4 Kg7 62. Qe6 Qc7 63. Kg1 Qb7 64. Qe8 Qc7 65. Bd4 h4 66. gxh4 gxh4 67. Be3 Qa5 68. Qe6 Qa1+ 69. Kg2 Qa8+ 70. Kf1 Qf3 71. Kg1 Qb7 72. Qg4+ Kf7 73. Qh5+ Kg7 74. Bh6+ Kh7 75. Bf4+ Kg7 76. Bh6+ Kh7 77. Be3+ Kg7 78. Qf5 Kf7 79. Bg5 Qc6 80. Bxh4 Ke7 81. Kh2 Qd6+ 82. Kg2 Qd4 83. Bg3 Qxd7 84. Qh7+ Ke6 85. Qg8+ Ke7 86. h4 Qe6 87. Qh7+ Qf7 88. Qh6 Qg8 89. Qd2 Qg4 90. f3 Qf5 91. Qb4+ Kf7 92. Qc4+ Kg7 93. Bf2 Be7 94. Be3 Bd6 95. Bf2 Be5 96. Qb4 Qg6+ 97. Kh3 Qd3 98. Qg4+ Kf7 99. Kg2 Qg6 100. Bg3 Qc2+ 101. Kh3 Bxg3 102. Qd7+ Kg6 103. Kxg3 Qc5 104. Qg4+ Kh6 105. Qf4+ Kg6 106. Qe4+ Kg7 107. Kg4 Qc8+ 108. Qf5 Qc4+ 109. Kg3 Qc7+ 110. Qf4 Qc5 111. Qe4 Kh6 112. Kg4 Qh5+ 113. Kh3 Qb5 114. Qf4+ Kg6 115. Qg4+ Kh6 116. Qe4 Qc5 117. Qe6 Qd4 118. Qf7 Qa1 119. Qf8+ Kh7 120. Qe7+ Kh6 121. Qe3+ Kg7 122  Kg4 Qa4+ 123. Qe4 Qb5 124. Qe6 Qa4+ 125. Kg3 Qb5 126. Kf4 Qb4+ 127. Qe4 Qc5 128. Kg4 Qc8+ 129. Qf5 Qc4+ 130. Kg3 Qc7+ 131. f4 Qc3+ 132. Kg4 Qc6 133. Qd3 Qc8+ 134. f5 Qc6 135. Qg3 Qe8 136. Qc7+ Kh6 137. Qf4+ Kh7 138. Kh3 Qe2 139. Kg3 Qe1+ 140. Kg4 Qe2+ 141. Qf3 Qxf3+ 142. Kxf3 Kh6 143. Kg4 Kh7 144. Kf4 Kh6 145. Kf3 Kh5 146. Kg3 Kh6 147. Kg4 Kh7 148. Kf3 Kh6 149. Kf4 Kh5 1/2-1/2

[Event "It (cat.16)"]
[Site "?"]
[Date "2005.05.22"]
[Round "4"]
[White "Eljanov Pavel"]
[Black "Bologan Viktor"]
[Result "1/2-1/2"]
[WhiteElo "2641"]
[BlackElo "2700"]
[PlyCount "42"]
[EventDate "2005.??.??"]
[Source "www.chesslib.no"]
[SourceDate "2004.05.04"]

1. d4 Nf6 2. c4 e6 3. Nf3 b6 4. Nc3 Bb7 5. a3 d5 6. cxd5 Nxd5 7. e3 g6 8. Nxd5 exd5 9. Be2 Bd6 10. Bd2 Nd7 11. Bb4 c5 12. dxc5 bxc5 13. Bc3 O-O 14. b4 Rc8 15. O-O cxb4 16. Bxb4 Nc5 17. Rb1 Ba6 18. Bxa6 Nxa6 19. Qd4 Nxb4 20. axb4 Qe7 21. b5 Rc5 1/2-1/2

[Event "Malta ol (Men)"]
[Site "La Valetta"]
[Date "1980.??.??"]
[Round "?"]
[White "Gheorghiu, Florin"]
[Black "Karpov, Anatoly"]
[Result "1/2-1/2"]
[WhiteElo "2605"]
[BlackElo "2725"]
[PlyCount "34"]
[EventDate "1980.11.??"]
[Source "www.chesslib.no"]
[SourceDate "2004.05.04"]

1. d4 Nf6 2. c4 e6 3. Nf3 b6 4. Nc3 Bb7 5. a3 d5 6. cxd5 Nxd5 7. e3 Be7 8. Bb5+ c6 9. Bd3 O-O 10. e4 Nxc3 11. bxc3 c5 12. O-O cxd4 13. cxd4 Nc6 14. Be3 Rc8 15. Qe2 Na5 16. a4 Nc6 17. Ba6 Qd7 1/2-1/2

[Event "Luzern"]
[Site "?"]
[Date "1993.??.??"]
[Round "?"]
[White "Ivanchuk, V."]
[Black "Kortchnoi, V."]
[Result "1/2-1/2"]
[WhiteElo "2705"]
[BlackElo "2625"]
[PlyCount "52"]
[EventDate "1993.??.??"]
[Source "ChessBase"]
[SourceDate "1993.10.01"]

1. d4 Nf6 2. c4 e6 3. Nf3 b6 4. Nc3 Bb7 5. a3 d5 6. Qc2 Be7 7. cxd5 Nxd5 8. e4 Nxc3 9. bxc3 O-O 10. Bd3 c5 11. O-O Qc8 12. Qd1 Ba6 13. Bxa6 Nxa6 14. d5 exd5 15. exd5 Bf6 16. Bg5 Bxg5 17. Nxg5 Qf5 18. Nf3 c4 19. Qa4 Nc7 20. d6 Nb5 21. Qb4 Rad8 22. Rfd1 Qc5 23. Qxc5 bxc5 24. Rd5 Nxc3 25. Rxc5 Rxd6 26. Rxc4 Rfd8 1/2-1/2